000 00651nam a22002297a 4500
003 UA-OsUOA
001 88475
007 ta
008 20121005b un ||||| |||| 00| 0 ukr d
100 _aОсипов В.О.
090 _a011
_bО - 74
942 _cBK
040 _aUA-OsUOA
_brus
_cUA-OsUOA
_dUA-OsUOA
245 _aРусская книготорговая библиография до начала ХХ века
300 _a230 с.
955 _a1
041 _arus
080 _a011
260 _aМ.
_bКнига
_c1983
650 7 _a01 Бібліографія і бібліографії. Каталоги
_2UDC
999 _c374302
_d374302